000 00669nam a2200229Ia 4500
003 OSt
005 20220926044703.0
006 a|||||r|||| 00| 0
007 ta
008 220923b |||||||| |||| 00| 0 eng d
037 _cGeneral Book
040 _aRTL
_cRTL
_beng
041 _2eng
_aeng
082 _aV73:2Zv,N48, H8
100 _aMearns David C
_945634
245 0 _aConstitution of the United States
_b Together with
260 _c1948
650 _aConstitution United States
_9240337
700 _a Clapp Verner W Co.
_9349329
942 _hV73:2Zv,N48, H8
_cGB
_2CC
999 _c675534
_d675534